15 Common Golf Clubs - Statistics

General Stats
  • This quiz has been taken 788 times
  • The average score is 14 of 15
Answer Stats
Hint Answer % Correct
Driver
100%
5 iron
97%
7 iron
97%
9 iron
97%
4 iron
96%
6 iron
96%
8 iron
96%
Putter
95%
3 iron
94%
3 wood
94%
Sand Wedge
93%
Pitching Wedge
91%
5 wood
87%
Lob Wedge
78%
Gap Wedge
71%
No matching quizzes found
Score Distribution
Percent of People with Each Score
Percentile by Number Answered
Your Score History
You have not taken this quiz